The Civil Code of Quebec in Chart Form (Registro nro. 170407)
[ vista simple ]
| 000 -LEADER | |
|---|---|
| fixed length control field | 02517nam a22002537a 4500 |
| 007 - PHYSICAL DESCRIPTION FIXED FIELD--GENERAL INFORMATION | |
| fixed length control field | cr|||| |||| |
| 008 - FIXED-LENGTH DATA ELEMENTS--GENERAL INFORMATION | |
| fixed length control field | 210831s2006 ca |||||s|||| 00||0 eng d |
| 020 ## - INTERNATIONAL STANDARD BOOK NUMBER | |
| International Standard Book Number | 9781459313545 |
| 035 ## - | |
| -- | 35282 |
| 040 ## - CATALOGING SOURCE | |
| Original cataloging agency | vLex |
| 090 ## - | |
| -- | 12171 |
| -- | 12171 |
| 100 1# - MAIN ENTRY--PERSONAL NAME | |
| Personal name | Le May, Denis |
| 245 13 - TITLE STATEMENT | |
| Title | The Civil Code of Quebec in Chart Form |
| Medium | [Recurso electrónico] / |
| Statement of responsibility, etc | Denis Le May |
| 256 ## - | |
| -- | Servicio en línea |
| 260 ## - PUBLICATION, DISTRIBUTION, ETC. (IMPRINT) | |
| Place of publication, distribution, etc | Toronto: |
| Name of publisher, distributor, etc | Irwin Law Inc., |
| Date of publication, distribution, etc | 2006 |
| 300 ## - PHYSICAL DESCRIPTION | |
| Extent | 1 recurso electrónico |
| 500 ## - GENERAL NOTE | |
| General note | If you feel overwhelmed and intimidated each time you are asked to research a legal question involving the civil law of Québec, help is on the way. The Civil Code of Québec in Chart Form, by Denis Le May, provides a graphic, simple access tool for the Code. A series of tables and charts shows the general structure of the Code and the interrelationship between its component parts. Le May provides a broad overview of the subject categories covered by the Code and an explanation of the numbering system he adopted to represent the subdivisions in a uniform fashion. Each separate Book of the Civil Code has its own chapter. Each chapter contains the following: a chart giving an overall pictorial representation of the contents of that Book; a table of contents; a summary (including the text of important articles, definitions and explanatory notes); individual charts for subdivisions; and an index. The organizational structure of the book provides general finding tools and easy access to researchers in a variety of different situations: if she doesnt know where a concept is located (use the general index); if he knows the article number but wants to see the corresponding segment (use the articles/charts concordance table); if she knows in which Book the concept is located, but not the specific article (use the table of contents for that particular Book); or if he wants to quickly ascertain whether or not there is a chart which corresponds to the concept being researched (use the list of charts or the alphabetical index). |
| 506 1# - RESTRICTIONS ON ACCESS NOTE | |
| Terms governing access | Disponible solo en los productos indicados |
| Authorized users | vLex Global |
| -- | vLex Global (Academic Edition, excluding Law Schools) |
| -- | vLex Global (U.S. Academic Edition, Law Schools) |
| -- | vLex Global (U.S. Academic Edition, excluding Law Schools) |
| -- | vLex Global (Academic Edition, Law Schools) |
| 650 04 - SUBJECT ADDED ENTRY--TOPICAL TERM | |
| Topical term or geographic name as entry element | Derecho Civil |
| Geographic subdivision | Canadá |
| 740 0# - | |
| -- | vLex Libros (Servicio en línea) |
| 856 40 - LOCALIZACIÓN Y ACCESO ELECTRÓNICO | |
| Identificador Uniforme del Recurso (URI/URL) | https://app.vlex.com/#/sources/35282 |
| 942 ## - | |
| -- | RAA |
| 999 ## - | |
| -- | 170407 |
| -- | 170407 |
No hay ítems disponibles.